|
|
|
|
| LEADER |
00000nam0a2200000 4500 |
| 001 |
159747 |
| 005 |
20231101222132.0 |
| 010 |
|
|
|a 9785977600866
|
| 035 |
|
|
|a (RuTPU)RU\TPU\book\173259
|
| 090 |
|
|
|a 159747
|
| 100 |
|
|
|a 20090514d2009 km y0rusy50 ca
|
| 101 |
0 |
|
|a rus
|
| 102 |
|
|
|a RU
|
| 105 |
|
|
|a y z 001zy
|
| 200 |
1 |
|
|a Новая экономика
|f Вятский социально-экономический институт (ВСЭИ) ; под ред. Е. Ф. Авдокушина, В. С. Сизова
|
| 210 |
|
|
|a Москва
|c Магистр
|d 2009
|
| 215 |
|
|
|a 543 с.
|
| 320 |
|
|
|a Библиогр.: с. 541.
|
| 330 |
|
|
|a В монографии представлены статьи различных авторов, размышляющих о путях укрепления экономического и. политического статуса страны, о том, как добиться вслед за процветанием государства блага для всех россиян. Всесторонне анализируются актуальные вопросы теории и методологии новой экономики как «экономики знаний», «информационной», но прежде всего являющейся гуманистической, антропоцентрической. В самостоятельных разделах освещаются проблемы новой мировой экономики, финансомики, факторы и технологии новой экономики.
|
| 606 |
1 |
|
|a Экономика
|x Россия
|2 stltpush
|3 (RuTPU)RU\TPU\subj\37358
|9 58389
|
| 610 |
1 |
|
|a Российская Федерация
|
| 610 |
1 |
|
|a неоэкономика
|
| 610 |
1 |
|
|a экономические реформы
|
| 610 |
1 |
|
|a постиндустриальная экономика
|
| 610 |
1 |
|
|a глобалистика
|
| 610 |
1 |
|
|a информационные технологии
|
| 610 |
1 |
|
|a богатство
|
| 610 |
1 |
|
|a предпринимательская деятельность
|
| 610 |
1 |
|
|a мировая экономика
|
| 610 |
1 |
|
|a аутсорсинг
|
| 610 |
1 |
|
|a НИОКР
|
| 610 |
1 |
|
|a управление
|
| 610 |
1 |
|
|a инновации
|
| 610 |
1 |
|
|a брендинг
|
| 610 |
1 |
|
|a электронные технологии
|
| 610 |
1 |
|
|a технологии
|
| 610 |
1 |
|
|a рынок
|
| 686 |
|
|
|a У9(2)0
|v LBC/SL-A
|2 rubbk
|
| 702 |
|
1 |
|a Авдокушин
|b Е. Ф.
|4 340
|
| 702 |
|
1 |
|a Сизов
|b В. С.
|4 340
|
| 712 |
0 |
2 |
|a Вятский социально-экономический институт (ВСЭИ)
|c (1998- )
|2 stltpush
|3 (RuTPU)RU\TPU\col\15005
|
| 801 |
|
1 |
|a RU
|b 63413507
|c 20090514
|g PSBO
|
| 801 |
|
2 |
|a RU
|b 63413507
|c 20091001
|g RCR
|
| 942 |
|
|
|c BK
|
| 959 |
|
|
|a 58/20090508
|d 1
|e 393,60
|f ЧЗГЛ:1
|